LEADER 02393nas 2200733-a 450 001 996218524103316 005 20231213213019.0 011 $a1522-1547 035 $a(DE-599)ZDB1477329-6 035 $a(OCoLC)40069703 035 $a(CKB)954925490852 035 $a(CONSER)sn-98004857- 035 $a(EXLCZ)99954925490852 100 $a19981009a19809999 --- a 101 0 $aeng 135 $aurcnu|||||||| 181 $ctxt$2rdacontent 182 $cc$2rdamedia 183 $acr$2rdacarrier 200 10$aAmerican journal of physiology $eGastrointestinal and liver physiology 210 $aBethesda, MD $cAmerican Physiological Society$d[1980]- 300 $aRefereed/Peer-reviewed 300 $aTitle from journal homepage (publisher's version, viewed Aug. 6, 2003). 311 $a0193-1857 517 3 $aGastrointestinal and liver physiology 517 1 $aAJP: Gastrointestinal and liver physiology 517 1 $aAJP:GI 517 1 $aAJP:GI online 531 $aAM J PHYSIOL GASTROINT LIVER PHYSIOL 531 $aAMER J PHYSIOL GASTROINTEST L 531 $aAM J PHYSIOL GASTR L 531 $aAM J P GAST 531 $aAM J PHYSIOL GASTROINTEST LIVER PHYSIOL 531 $aAMERICAN JOURNAL OF PHYSIOLOGY 531 $aAM J PHYSIOL-GASTR L 531 $aGASTR L 531 $aAM. J. PHYSIOL.-GASTROINT. LIVER PHYSIOL 531 0 $aAm. j. physiol., Gastrointest. liver physiol. 606 $aGastroenterology$vPeriodicals 606 $aLiver$vPeriodicals 606 $aDigestive System Physiological Phenomena 606 $aLiver$xphysiology 606 $aGastroentérologie$vPériodiques 606 $aFoie$vPériodiques 606 $aAppareil digestif$xPhysiologie 606 $aGastroenterology$2fast$3(OCoLC)fst00938842 606 $aLiver$2fast$3(OCoLC)fst01000617 608 $aPeriodical 608 $aPeriodicals.$2fast 615 0$aGastroenterology 615 0$aLiver 615 2$aDigestive System Physiological Phenomena 615 2$aLiver$xphysiology 615 6$aGastroentérologie 615 6$aFoie 615 6$aAppareil digestif$xPhysiologie. 615 7$aGastroenterology. 615 7$aLiver. 676 $a612 712 02$aAmerican Physiological Society (1887- ) 906 $aJOURNAL 912 $a996218524103316 996 $aAmerican journal of physiology$9263814 997 $aUNISA